LEADER 01064nam a2200265 i 4500 001 000000153043 003 CaOOAMICUS 005 20060911000000.0 008 060911s1966 it u000 u ita u 013 $a130384 040 $aSeMil$bita 100 1 $aAethera.$0(OLS)http://semarc/name/35360 245 10$aDiario di viaggio /$cEteria ; traduzione di Clara di Zoppola ; note introduttive di Armando Candelaresi. 260 $a[Italia] :$bPaoline,$c1966. 300 $a175 p. ;$c20 cm. 490 0 $aPatristica 650 4$aPalestina - Viaggi.$0(OLS)http://semarc/subject/19960 700 1 $aCandelaresi, Armando.$0(OLS)http://semarc/name/2719 700 1 $aDi Zoppola, Clara.$0(OLS)http://semarc/name/18208 830 0$aPatristica.$0(OLS)http://semarc/title/6204 850 $aSeMil 852 $aSeMil$W1$xVenegono$y1$m2S II 224$j104987$B104987$CSeMilBibl$Z2$F114246 $81 961 $aOmaggio: Serenthà don Mario 996 $6245$aDiario di viaggio$9(OLS)http://semarc/title/164767 996 $6260$a[Italia] :$bPaoline$9(OLS)http://semarc/publisher/31241 LEADER 01371nam a2200301 i 4500 001 000000255487 003 CaOOAMICUS 005 20171003000000.0 008 171003s2017 it u000 u ita u 013 $a234395 020 $a978-88-399-0485-0 040 $aSeMil$bita 100 1 $aAngelini, Giuseppe,$c.$0(OLS)http://semarc/name/1093 245 13$aLa libertà a rischio :$ble idee moderne e le radici bibliche /$cGiuseppe Angelini. 260 $aBrescia :$bQueriniana,$c2017. 300 $a352 p. ;$c23 cm. 490 0 $aBiblioteca di teologia contemporanea ;$v185 650 4$aBibbia - Libertà.$0(OLS)http://semarc/subject/5461 650 4$aLibertà - Teologia.$0(OLS)http://semarc/subject/7116 650 4$aBibbia - Libertà - AT.$0(OLS)http://semarc/subject/37824 650 4$aBibbia - Libertà - NT.$0(OLS)http://semarc/subject/19588 830 0$aBiblioteca di teologia contemporanea ;$v185.$0(OLS)http://semarc/title/14 850 $aSeMil 852 $aSeMil$W1$xVenegono$y1$m2BA M 185$j205833$B205833$CSeMilBibl$Z2$F219268 $81 961 $aSottoscrizione: Queriniana 996 $6020$a978-88-399-0485-0$9(OLS)http://semarc/number/279364 996 $6245$aLa libertà a rischio :$ble idee moderne e le radici bibliche$9(OLS)http://semarc/title/411732 996 $6260$aBrescia :$bQueriniana$9(OLS)http://semarc/publisher/29615